[Event "Chigorin Memorial 26th"]
[Site "St Petersburg"]
[Date "2018.11.04"]
[Round "9"]
[White "Manojkin, Daniil"]
[Black "Rubtsov, Aleksandr1"]
[Result "0-1"]
[WhiteElo "1000"]
[BlackElo "1900"]
[PlyCount "78"]
[EventDate "2018.10.27"]
[EventType "swiss"]
[EventRounds "9"]
[EventCountry "RUS"]
[SourceTitle "CBM 187 Extra"]
[Source "ChessBase"]
[SourceDate "2018.11.04"]
[SourceVersion "1"]
[SourceVersionDate "2018.11.04"]
[SourceQuality "1"]

1. d4 d5 2. c4 c6 3. Nf3 Nf6 4. Nc3 e6 5. Bg5 dxc4 6. e4 b5 7. e5 h6 8. Bh4 g5 9. Nxg5 hxg5 10. Bxg5 Be7 11. exf6 Bxf6 12. Bxf6 Qxf6 13. g3 Bb7 14. Bg2 Na6 15. Nxb5 0-0-0 16. Bxc6 Bxc6 17. Nxa7+ Kb7 18. Nxc6 Kxc6 19. Qa4+ Kb6 20. Qxc4 Qf3 21. Qb3+ Qxb3 22. axb3 Rxd4 23. h4 Nc5 24. 0-0 Rb4 25. Ra3 Rxb3 26. Rxb3+ Nxb3 27. Rd1 Kc6 28. Kg2 e5 29. Kh3 Nd4 30. f4 f6 31. g4 Kd5 32. fxe5 fxe5 33. g5 e4 34. Kg4 e3 35. g6 e2 36. Re1 Ke5 37. h5 Kf6 38. Kg3 Rxh5 39. Kf2 Rf5+ 0-1

[Event "Chigorin Memorial 26th"]
[Site "St Petersburg"]
[Date "2018.11.03"]
[Round "8"]
[White "Mamontova, Anastasia"]
[Black "Manojkin, Daniil"]
[Result "1-0"]
[WhiteElo "2009"]
[BlackElo "1000"]
[PlyCount "57"]
[EventDate "2018.10.27"]
[EventType "swiss"]
[EventRounds "9"]
[EventCountry "RUS"]
[SourceTitle "CBM 187 Extra"]
[Source "ChessBase"]
[SourceDate "2018.11.04"]
[SourceVersion "1"]
[SourceVersionDate "2018.11.04"]
[SourceQuality "1"]

1. d4 Nf6 2. c4 e6 3. Nc3 Bb4 4. e3 0-0 5. Nge2 d5 6. a3 Be7 7. cxd5 exd5 8. Nf4 Be6 9. Bd3 c5 10. dxc5 Bxc5 11. b4 Bd6 12. Nxe6 fxe6 13. Bb2 e5 14. Nxd5 Kh8 15. Nxf6 Qxf6 16. 0-0 Qh6 17. g3 a5 18. Rc1 axb4 19. axb4 Nd7 20. Rc4 Qe6 21. Rh4 Nf6 22. Qb1 h6 23. Bc4 Qe7 24. Qg6 Ra4 25. Rd1 Rxb4 26. Ba3 Rb6 27. Bxd6 Rxd6 28. Rxd6 Qxd6 29. Rxh6+ 1-0